000 01188nam a22003617a 4500
003 CHAP
005 20260227114927.0
008 971013c19541949 r 00010 d
010 _a71144
011 _a72116
035 _a81670
040 _cCHAP
082 _a330.972
_bB3
110 _aBanco de México
_99829
245 _aComentarios al estudio sobre México de Higgins Industries, Inc.
260 _aMéxico, D.F. :
_bEl Banco,
_c1954 /c.1949/
300 _a335 p.
490 _aMonografías industriales
590 _aBATCH-UPD
_b10
_c20130110
_lUCH01
_h0324
590 _aBATCH-UPD
_b10
_c20130110
_lUCH01
_h1643
590 _aBATCH-UPD
_b10
_c20130409
_lUCH01
_h2357
590 _aBATCH-UPD
_b10
_c20130410
_lUCH01
_h1549
590 _aBATCH-UPD
_b10
_c20130914
_lUCH01
_h1812
590 _aCONVERSION
_b10
_c20130109
_lUCH01
_h1339
650 1 4 _aMéxico
_xCondiciones económicas.
700 1 _aAlanís Patiño, Emilio
_93335
700 0 _aMendoza Franco, Roberto.
_974647
830 0 _aMonografías industriales
_977582
901 _aBK
942 _cLIBRO
949 _a330.972 B3
_bBC
_cBPA
_d-35225
_eBPA
_i81670
_si
949 _a330.972 B3
_bBC
_cBPA
_d-35226
_eBPA
_fc.2
_i81670
_si
999 _c71144
_d71144